000 00638nam a22002057a 4500
999 _c5825
_d5825
003 AR-CdUCM
008 190313b ||||| |||| 00| 0 spa d
040 _aMUNICIPALIDAD PROVINCIAL DEL CUSCO
_cBIBLIOTECA MUNICIPAL DEL CUSCO
082 _a869.57 /
_bF49
100 _aFigueroa Quispe, Ermelinda
_917256
245 _aSentimiento caneño :
_bversos y cuentos /
260 _aCusco :
_c2011.
300 _a21 páginas ;
_bfotografías ;
_c21 cm.
650 _aPoesías peruanas
_91481
650 _aCuentos peruanos
_97
650 _aSiglo XXI
_92856
700 _aHuisa Ccalloquispe, Delia
_917257
942 _2ddc
_cLIBROS
945 _azta